01005nas a2200241Ia 4500001001100000003000900011008004100020040001300061040001300074041001300087100003800100210002400138222002400162245008700186250001100273260002200284501008600306300001000392310001600402362003500418500026200453650004800715R704/49385IT-RoPAU151124c99999999xx |||||||||||| ||und|| aIT-RoPAU cIT-RoPAU aFRANCESE aAA.VV. gCodice Aut. SPICS: 12000 aSEMIOTIQUE ET BIBLE aSemiotique Et Bible aSEMIOTIQUE & BIBLE, N.023-SETTEMBRE 1981bSemiotique & Bible, N.023-Settembre 1981 a1a ed. aLYONbCADIRc1981 bPaulus - SPICS - Società€ San Paolo EM (non-commercial uses only)cCopyright2015 a64 p. aTRIMESTRALE aANNO 007, N.023-SETTEMBRE 1981 aSemiotica e Bibbia. Studio Teorico Sulla Semiotica del Personaggio. Analisi Semiotica dei Brani degli Atti (1,15/2,47) che nel Racconto della Pentecoste Narrano della Morte di Giuda, dell'Elezione di Mattia e della Vita della Prima Comunità€ Apostolica. A aSEMIOTICA - BIBBIAvPUBBLICAZIONE PERIODICA